[Event "ENG-ch Seniors 50"]
[Site "Milton Keynes"]
[Date "2021.10.08"]
[Round "5"]
[White "Botham, Christopher Paul"]
[Black "Dargan, Paul AG"]
[Result "1/2-1/2"]
[WhiteElo "1944"]
[BlackElo "2075"]
[PlyCount "167"]
[EventDate "2021.10.04"]
[EventType "swiss"]
[EventRounds "7"]
[EventCountry "ENG"]
[SourceTitle "EXT 2023"]
[Source "ChessBase"]
[SourceDate "2022.10.05"]
[SourceVersion "1"]
[SourceVersionDate "2022.10.05"]
[SourceQuality "1"]

1. c4 e5 2. Nc3 Nc6 3. g3 Bc5 4. Bg2 d6 5. d3 a6 6. e3 Ba7 7. Nge2 h5 8. h3 h4 9. g4 f5 10. f3 Be6 11. Nd5 Nce7 12. Nxe7 Qxe7 13. b3 0-0-0 14. Nc3 c6 15. Qe2 Nf6 16. Bd2 g6 17. 0-0-0 d5 18. Nb1 Rhe8 19. Be1 Qh7 20. Bf2 e4 21. cxd5 Bxd5 22. d4 fxg4 23. fxg4 g5 24. Be1 Qe7 25. Rf1 Rf8 26. Bd2 Nd7 27. Nc3 Bb8 28. Rxf8 Rxf8 29. Rf1 Rxf1+ 30. Qxf1 Qf6 31. Nxd5 cxd5 32. Bb4 Qc6+ 33. Kb2 Bd6 34. Bd2 Be7 35. Qf5 Qd6 36. Bf1 Qh2 37. Kc1 Qd6 38. Kb2 Kb8 39. Be1 Ka7 40. Bd2 Nb6 41. Kb1 Qa3 42. Be2 Qd6 43. Bf1 Qd8 44. Be2 Ba3 45. Bf1 Qe7 46. Be2 Bb4 47. Bc1 Qd8 48. Bf1 Na8 49. Be2 Nc7 50. Bf1 a5 51. Be2 Qe7 52. Bf1 b5 53. Qf2 a4 54. Qc2 axb3 55. Qxb3 Kb6 56. Qc2 Qf6 57. Bg2 Qc6 58. Bf1 Qxc2+ 59. Kxc2 Ka5 60. Kb3 Be1 61. Be2 Na8 62. Bf1 Nb6 63. Be2 Nc4 64. Bxc4 bxc4+ 65. Kc2 Ka4 66. Kd1 Bf2 67. Kc2 Bg1 68. Kc3 Bh2 69. Bb2 Bd6 70. Kc2 Ba3 71. Bc3 Bb4 72. Bb2 Ba5 73. Bc1 Be1 74. Bb2 Bb4 75. Bc1 c3 76. Kb1 Ba3 77. Bxa3 Kxa3 78. Kc2 Kxa2 79. Kxc3 Ka3 80. Kc2 Ka4 81. Kc3 Ka5 82. Kb3 Kb5 83. Kc3 Ka4 84. Kc2 1/2-1/2

[Event "BCF-chT3S 1819 (4NCL) Demotion pool"]
[Site "England"]
[Date "2019.04.14"]
[Round "8.64"]
[White "Elwin, Adrian G"]
[Black "Botham, Christopher Paul"]
[Result "1-0"]
[WhiteElo "1983"]
[BlackElo "1948"]
[PlyCount "73"]
[EventDate "2019.04.14"]
[EventType "team-tourn"]
[EventRounds "11"]
[EventCountry "ENG"]
[SourceTitle "EXT 2021"]
[Source "ChessBase"]
[SourceDate "2020.10.23"]
[SourceVersion "1"]
[SourceVersionDate "2020.10.23"]
[SourceQuality "1"]
[WhiteTeam "MK Phoenix"]
[BlackTeam "Iceni II"]
[WhiteTeamCountry "ENG"]
[BlackTeamCountry "ENG"]

1. d4 Nf6 2. c4 g6 3. Nc3 d5 4. Nf3 Bg7 5. Qb3 dxc4 6. Qxc4 0-0 7. e4 c6 8. Be2 Bg4 9. Be3 Nbd7 10. Rd1 Nb6 11. Qd3 Qc7 12. 0-0 Rad8 13. Qc2 Rc8 14. Qd2 Bxf3 15. gxf3 e5 16. dxe5 Qxe5 17. Bd4 Qe7 18. Qe3 c5 19. Bxf6 Bxf6 20. f4 Bd4 21. Qf3 Rfe8 22. Bb5 Red8 23. e5 f6 24. exf6 Bxf6 25. Rde1 Qg7 26. Re6 Rc7 27. Rfe1 h6 28. Bd3 Rf8 29. Kh1 Kh8 30. Qe4 g5 31. fxg5 hxg5 32. Qg4 Re7 33. Rxe7 Bxe7 34. Qh3+ Kg8 35. Qe6+ Qf7 36. Kg2 Kg7 37. Qxe7 1-0

[Event "BCF-chT3Sb 1819 (4NCL)"]
[Site "England"]
[Date "2019.04.13"]
[Round "7.54"]
[White "Botham, Christopher Paul"]
[Black "Byway, Paul V"]
[Result "1-0"]
[WhiteElo "1948"]
[BlackElo "2038"]
[PlyCount "137"]
[EventDate "2018.11.17"]
[EventType "team-tourn"]
[EventRounds "7"]
[EventCountry "ENG"]
[SourceTitle "EXT 2021"]
[Source "ChessBase"]
[SourceDate "2020.10.23"]
[SourceVersion "1"]
[SourceVersionDate "2020.10.23"]
[SourceQuality "1"]
[WhiteTeam "Iceni II"]
[BlackTeam "Poisoned Pawns"]
[WhiteTeamCountry "ENG"]
[BlackTeamCountry "ENG"]

1. c4 e6 2. Nf3 Nf6 3. Nc3 d5 4. cxd5 exd5 5. d4 Be7 6. Bg5 c6 7. e3 Nbd7 8. Be2 0-0 9. 0-0 Re8 10. Qc2 Nf8 11. Bxf6 Bxf6 12. b4 a6 13. a4 Qd6 14. Rab1 Bg4 15. Rfd1 Nd7 16. a5 Bh5 17. Ne1 Bxe2 18. Nxe2 Nf8 19. Nd3 Rab8 20. Qc5 Be7 21. Qxd6 Bxd6 22. Rdc1 g6 23. Rc2 Kg7 24. Nec1 Ne6 25. Nb3 Nc7 26. Ra1 Re7 27. h3 Nb5 28. Kf1 f5 29. g3 g5 30. Re1 Na3 31. Ra2 Nc4 32. Nd2 f4 33. gxf4 gxf4 34. exf4 Rxe1+ 35. Kxe1 Rf8 36. Nb3 Bxf4 37. Nbc5 Re8+ 38. Re2 Bd2+ 39. Kd1 Rxe2 40. Kxe2 Bc3 41. Nxb7 Bxd4 42. Nbc5 Kf6 43. Nxa6 Ke7 44. Nac5 Kd6 45. Nb3 Bc3 46. f4 Ke6 47. Kf3 Kf5 48. a6 Nb6 49. a7 Na8 50. Ke3 Nc7 51. Nbc5 Na8 52. Nd7 Ke6 53. Nf8+ Kd6 54. Nxh7 Kc7 55. h4 Kb7 56. h5 Nb6 57. h6 Nc4+ 58. Kf3 Kxa7 59. Ng5 Bf6 60. h7 Kb6 61. Nf7 Kb5 62. h8Q Bxh8 63. Nxh8 Nd6 64. Ng6 Kc4 65. Nge5+ Kd4 66. Nc5 Kc3 67. Ned3 Kd4 68. Kg4 Ne4 69. f5 1-0

[Event "BCF-chT3Sb 1819 (4NCL)"]
[Site "England"]
[Date "2018.11.18"]
[Round "2.81"]
[White "Farrand, Tom"]
[Black "Botham, Christopher Paul"]
[Result "1-0"]
[WhiteElo "2151"]
[BlackElo "1949"]
[PlyCount "61"]
[EventDate "2018.11.17"]
[EventType "team-tourn"]
[EventRounds "7"]
[EventCountry "ENG"]
[SourceTitle "EXT 2021"]
[Source "ChessBase"]
[SourceDate "2020.10.23"]
[SourceVersion "1"]
[SourceVersionDate "2020.10.23"]
[SourceQuality "1"]
[WhiteTeam "CSC"]
[BlackTeam "Iceni II"]
[WhiteTeamCountry "ENG"]
[BlackTeamCountry "ENG"]

1. e4 Nf6 2. e5 Nd5 3. d4 d6 4. c4 Nb6 5. exd6 exd6 6. Nc3 Be7 7. Bd3 Nc6 8. Nge2 Bg4 9. f3 Bh5 10. Nf4 Bg6 11. Nxg6 hxg6 12. 0-0 0-0 13. d5 Ne5 14. f4 Nxd3 15. Qxd3 Qd7 16. Be3 Rfe8 17. Bd4 Bf8 18. f5 gxf5 19. Rxf5 g6 20. Raf1 gxf5 21. Qg3+ Kh7 22. Rf4 Bh6 23. Rh4 Rg8 24. Rxh6+ Kxh6 25. Qh4+ Kg6 26. Ne2 f6 27. Qxf6+ Kh7 28. Qh4+ Kg6 29. Nf4+ Kf7 30. Qh7+ Kf8 31. Ne6+ 1-0

[Event "Torquay Paignton Rowena op"]
[Site "Torquay"]
[Date "2018.09.06"]
[Round "5"]
[White "Hibbitt, Arthur M"]
[Black "Botham, Christopher Paul"]
[Result "1/2-1/2"]
[WhiteElo "150"]
[BlackElo "171"]
[PlyCount "51"]
[EventDate "2018.09.02"]
[EventType "swiss"]
[EventRounds "7"]
[EventCountry "ENG"]
[SourceTitle "CBM 187 Extra"]
[Source "ChessBase"]
[SourceDate "2018.11.04"]
[SourceVersion "1"]
[SourceVersionDate "2018.11.04"]
[SourceQuality "1"]

1. e4 Nf6 2. e5 Nd5 3. d4 d6 4. c4 Nb6 5. exd6 exd6 6. Nc3 Be7 7. Be3 0-0 8. Rc1 Nc6 9. Nf3 Bg4 10. b3 Re8 11. Be2 Bxf3 12. Bxf3 Bg5 13. 0-0 Rxe3 14. fxe3 Bxe3+ 15. Kh1 Bxc1 16. Bxc6 bxc6 17. Qxc1 Qd7 18. Qf4 Re8 19. Qf3 d5 20. c5 Nc8 21. h3 Re6 22. Qg4 Ne7 23. Ne2 Ng6 24. h4 Qe8 25. Ng3 Nf8 26. h5 1/2-1/2

[Event "BCF-chT4S 1718 (4NCL)"]
[Site "England"]
[Date "2018.02.10"]
[Round "5.26"]
[White "Kirby, Andrew"]
[Black "Botham, Christopher Paul"]
[Result "0-1"]
[WhiteElo "1413"]
[BlackElo "1962"]
[PlyCount "124"]
[EventDate "2017.11.11"]
[EventType "team-swiss"]
[EventRounds "11"]
[EventCountry "ENG"]
[SourceTitle "EXT 2020"]
[Source "ChessBase"]
[SourceDate "2019.10.17"]
[SourceVersion "1"]
[SourceVersionDate "2019.10.17"]
[SourceQuality "1"]
[WhiteTeam "Crowthorne"]
[BlackTeam "Iceni"]
[WhiteTeamCountry "ENG"]
[BlackTeamCountry "ENG"]

1. c4 Nf6 2. Nc3 d5 3. cxd5 Nxd5 4. e4 Nxc3 5. bxc3 g6 6. d4 Bg7 7. Nf3 0-0 8. Bb2 c5 9. Be2 Nc6 10. 0-0 Qa5 11. Qb3 Qc7 12. Rac1 Bg4 13. Rfd1 Na5 14. Qa4 b6 15. h3 Bd7 16. Qc2 cxd4 17. Nxd4 Rfd8 18. Nb5 Bxb5 19. Bxb5 Nc4 20. Bxc4 Qxc4 21. Ba1 b5 22. a3 Rac8 23. Rxd8+ Rxd8 24. Bb2 Qd3 25. Qxd3 Rxd3 26. Rc2 e6 27. g3 Kf8 28. Kf1 Ke8 29. Ke2 Rd6 30. Bc1 Kd7 31. f4 Rc6 32. Kd3 Rc4 33. Bb2 Bf8 34. Bc1 Kc6 35. Ra2 h5 36. Rc2 a6 37. Ra2 Kb6 38. a4 Rxa4 39. Rxa4 bxa4 40. Kc4 Bc5 41. g4 Kc6 42. Bd2 f5 43. gxf5 gxf5 44. exf5 exf5 45. Bc1 Kd6 46. Kd3 a3 47. c4 Kc6 48. Kc3 a2 49. Bb2 Be3 50. Kb3 Bxf4 51. Kxa2 Be3 52. Kb3 f4 53. Kc3 f3 54. Kd3 f2 55. Ke2 Kc5 56. Bf6 Kxc4 57. Bd8 Kb5 58. h4 Bc5 59. Bg5 a5 60. Bc1 a4 61. Bb2 Kc4 62. Ba1 a3 0-1

[Event "BCF-chT4S 1718 (4NCL)"]
[Site "England"]
[Date "2017.11.12"]
[Round "2.15"]
[White "Goodwin, Ed H"]
[Black "Botham, Christopher Paul"]
[Result "1/2-1/2"]
[WhiteElo "1860"]
[BlackElo "1962"]
[PlyCount "57"]
[EventDate "2017.11.11"]
[EventType "team-swiss"]
[EventRounds "11"]
[EventCountry "ENG"]
[SourceTitle "EXT 2020"]
[Source "ChessBase"]
[SourceDate "2019.10.17"]
[SourceVersion "1"]
[SourceVersionDate "2019.10.17"]
[SourceQuality "1"]
[WhiteTeam "Throw in the Tal"]
[BlackTeam "Iceni"]
[WhiteTeamCountry "ENG"]
[BlackTeamCountry "ENG"]

1. d4 Nf6 2. c4 g6 3. Nc3 d5 4. cxd5 Nxd5 5. e4 Nxc3 6. bxc3 Bg7 7. Bc4 0-0 8. Ne2 c5 9. Be3 Nc6 10. dxc5 Na5 11. Bd5 Qc7 12. 0-0 e6 13. Bb3 Rd8 14. Qc2 Bd7 15. Bd4 e5 16. Be3 Bf8 17. Bd5 Bxc5 18. Bxc5 Qxc5 19. Rab1 Bc6 20. Bxc6 Qxc6 21. Rfd1 b6 22. Ng3 Rac8 23. Rxd8+ Rxd8 24. Rd1 Rxd1+ 25. Qxd1 Qxc3 26. Qd8+ Kg7 27. Nf5+ gxf5 28. Qg5+ Kf8 29. Qd8+ 1/2-1/2

[Event "BCF-chT3Sb 1617 (4NCL)"]
[Site "England"]
[Date "2016.11.26"]
[Round "1.86"]
[White "Dydak, Mateusz"]
[Black "Botham, Christopher Paul"]
[Result "0-1"]
[WhiteElo "1847"]
[BlackElo "1973"]
[PlyCount "120"]
[EventDate "2016.11.26"]
[EventType "team-tourn"]
[EventRounds "11"]
[EventCountry "ENG"]
[SourceTitle "EXT 2019"]
[Source "ChessBase"]
[SourceDate "2018.10.10"]
[SourceVersion "1"]
[SourceVersionDate "2018.10.10"]
[SourceQuality "1"]
[WhiteTeam "Fermented Sharks"]
[BlackTeam "Iceni"]
[WhiteTeamCountry "ENG"]
[BlackTeamCountry "ENG"]

1. f4 Nf6 2. Nf3 d5 3. g3 g6 4. Bg2 Bg7 5. 0-0 0-0 6. d3 c5 7. Nc3 Nc6 8. Ne5 Nb8 9. Qe1 e6 10. e4 d4 11. Ne2 Nbd7 12. Nf3 Qc7 13. Nh4 e5 14. f5 b5 15. Bd2 Bb7 16. h3 Rfc8 17. g4 c4 18. Rc1 Nb6 19. Qf2 cxd3 20. cxd3 Qd7 21. Nf3 Ne8 22. Qh4 Rxc1 23. Bxc1 Qd8 24. fxg6 fxg6 25. Bg5 Qd7 26. Bh6 Nd6 27. Bxg7 Qxg7 28. Qg3 Nf7 29. h4 Rc8 30. Rc1 Rxc1+ 31. Nxc1 Qf6 32. g5 Qc6 33. Nb3 Bc8 34. Qf2 Na4 35. Qd2 Be6 36. Kh2 Kg7 37. Kg3 Qc7 38. Nh2 h5 39. Qf2 Qe7 40. Nf3 Bg4 41. Qc2 Qd7 42. Nfd2 Qc8 43. Qb1 Nd6 44. Nf3 Nf7 45. Ng1 Nd8 46. Nf3 Bxf3 47. Bxf3 Ne6 48. Qf1 Qf8 49. Qh3 Qf4+ 50. Kg2 Kf7 51. Na5 Qd2+ 52. Kh1 Qxa5 53. Bxh5 Qe1+ 54. Kh2 Qf2+ 55. Kh1 gxh5 56. g6+ Ke7 57. g7 Qf7 58. g8N+ Qxg8 59. Qf5 Qg7 60. Qxh5 Nf4 0-1

[Event "BCF-ch Week1 PM op"]
[Site "Bournemouth"]
[Date "2016.07.25"]
[Round "1"]
[White "Stoyanov, Viktor"]
[Black "Botham, Christopher Paul"]
[Result "0-1"]
[WhiteElo "1652"]
[BlackElo "1982"]
[PlyCount "112"]
[EventDate "2016.07.25"]
[EventType "swiss"]
[EventRounds "5"]
[EventCountry "ENG"]
[SourceTitle "CBM 173 Extra"]
[Source "ChessBase"]
[SourceDate "2016.08.29"]
[SourceVersion "1"]
[SourceVersionDate "2016.08.29"]
[SourceQuality "1"]

1. d4 Nf6 2. Nf3 g6 3. Bf4 Bg7 4. e3 0-0 5. c4 d5 6. Nc3 c6 7. Be2 Nbd7 8. cxd5 Nxd5 9. Nxd5 cxd5 10. 0-0 Qb6 11. Qd2 Nf6 12. Bd3 Bg4 13. Ne5 Be6 14. Rfc1 Rfc8 15. h3 Nd7 16. Nxd7 Bxd7 17. Rc3 Rxc3 18. bxc3 Qa5 19. Rb1 Bc6 20. Rb3 e6 21. Qb2 a6 22. Bd6 Bf8 23. Bxf8 Kxf8 24. Qa3+ Qxa3 25. Rxa3 Ke7 26. Kf1 f6 27. Ke2 Rc8 28. Kd2 Kd6 29. f3 e5 30. e4 exd4 31. cxd4 Re8 32. Ke3 dxe4 33. fxe4 Bxe4 34. Bxe4 f5 35. Rb3 Rxe4+ 36. Kd3 Re7 37. a4 f4 38. Kc4 Rc7+ 39. Kd3 Kd5 40. Rb4 g5 41. a5 h5 42. Rb6 Re7 43. Rg6 Re3+ 44. Kd2 Rg3 45. Rg7 Rxg2+ 46. Kc3 Rg3+ 47. Kb4 Kxd4 48. Rxb7 f3 49. Rd7+ Ke3 50. Re7+ Kd2 51. Rd7+ Ke2 52. Re7+ Kf1 53. Re6 f2 54. Rxa6 Kg2 55. Rf6 Rf3 56. a6 Rxf6 0-1

[Event "BCF-ch Seniors 50"]
[Site "Coventry"]
[Date "2015.08.06"]
[Round "5"]
[White "Botham, Christopher Paul"]
[Black "Homolka, Vincent"]
[Result "1/2-1/2"]
[WhiteElo "1996"]
[BlackElo "1814"]
[PlyCount "54"]
[EventDate "2015.08.02"]
[EventType "swiss"]
[EventRounds "6"]
[EventCountry "ENG"]
[SourceTitle "CBM 167 Extra"]
[Source "ChessBase"]
[SourceDate "2015.09.14"]
[SourceVersion "1"]
[SourceVersionDate "2015.09.14"]
[SourceQuality "1"]

1. c4 e6 2. Nf3 d5 3. g3 c5 4. Bg2 Nf6 5. 0-0 Nc6 6. cxd5 exd5 7. d4 Be7 8. Nc3 0-0 9. Bg5 c4 10. b3 Qa5 11. Bd2 Rd8 12. Qc2 h6 13. a3 Be6 14. e3 Rac8 15. bxc4 dxc4 16. Ne4 Qc7 17. Nxf6+ Bxf6 18. a4 Na5 19. Bxa5 Qxa5 20. Rfc1 Qc7 21. Nd2 Be7 22. Bf1 c3 23. Ne4 Bb4 24. f3 a5 25. Bb5 Bc4 26. Bxc4 Qxc4 27. Nf2 Qd5 1/2-1/2

[Event "BCF-ch Seniors 50"]
[Site "Coventry"]
[Date "2015.08.02"]
[Round "1"]
[White "Botham, Christopher Paul"]
[Black "Kett, Timothy"]
[Result "0-1"]
[WhiteElo "1996"]
[BlackElo "2219"]
[PlyCount "70"]
[EventDate "2015.08.02"]
[EventType "swiss"]
[EventRounds "6"]
[EventCountry "ENG"]
[SourceTitle "CBM 167 Extra"]
[Source "ChessBase"]
[SourceDate "2015.09.14"]
[SourceVersion "1"]
[SourceVersionDate "2015.09.14"]
[SourceQuality "1"]

1. c4 Nf6 2. Nf3 e6 3. g3 d5 4. b3 d4 5. Bb2 Nc6 6. d3 e5 7. Bg2 Be7 8. 0-0 0-0 9. a3 a5 10. Nbd2 h6 11. Qc2 Bf5 12. Ne4 Nd7 13. Rfe1 Bh7 14. Ned2 Nc5 15. Rad1 f5 16. Nb1 Bf6 17. Nfd2 Qd6 18. Nf1 Rad8 19. Bc1 Kh8 20. Bd2 Na6 21. Bxc6 Qxc6 22. Bxa5 e4 23. Bd2 Nc5 24. b4 Ne6 25. b5 Qd7 26. a4 Qf7 27. Bb4 Rfe8 28. Na3 Qh5 29. c5 f4 30. dxe4 fxg3 31. hxg3 Ng5 32. f3 Nxe4 33. Qb3 Ng5 34. Nc4 d3 35. Rxd3 Bxd3 0-1

[Event "BCF-chT3 1415 (4NCL)"]
[Site "England"]
[Date "2015.05.03"]
[Round "11.99"]
[White "Botham, Christopher Paul"]
[Black "Fowler, David W"]
[Result "0-1"]
[WhiteElo "2001"]
[BlackElo "1863"]
[PlyCount "162"]
[EventDate "2015.03.21"]
[EventType "team-swiss"]
[EventRounds "11"]
[EventCountry "ENG"]
[SourceTitle "EXT 2016"]
[Source "ChessBase"]
[SourceDate "2015.10.08"]
[SourceVersion "1"]
[SourceVersionDate "2015.10.08"]
[SourceQuality "1"]
[WhiteTeam "Iceni"]
[BlackTeam "BCM Rhinos II"]
[WhiteTeamCountry "ENG"]
[BlackTeamCountry "ENG"]

1. c4 c6 2. Nf3 d5 3. e3 Nf6 4. b3 Bg4 5. Bb2 e6 6. Be2 Nbd7 7. 0-0 Be7 8. Nc3 0-0 9. Rc1 Ne4 10. d3 Nxc3 11. Bxc3 Bf6 12. cxd5 exd5 13. Nd4 Bxe2 14. Nxe2 Bxc3 15. Rxc3 Qf6 16. Qd2 Ne5 17. b4 a6 18. a4 Qh4 19. Nd4 f5 20. f4 Ng4 21. h3 h5 22. Qe1 Qe7 23. hxg4 hxg4 24. Rb3 Rad8 25. Qg3 Rd6 26. Kf2 Rh6 27. Rbb1 Rff6 28. Nc2 Rh5 29. Rh1 Rfh6 30. Rxh5 Rxh5 31. Ke2 b6 32. Kd2 c5 33. bxc5 bxc5 34. Rb6 c4 35. d4 Qe4 36. Ne1 Rh1 37. Qf2 Qe8 38. Qe2 Qxa4 39. Rb8+ Kf7 40. Rb7+ Ke8 41. Rb8+ Kd7 42. Nc2 Kc7 43. Rb2 a5 44. g3 Rh3 45. Qf2 Qc6 46. Kc3 Rh1 47. Ne1 Qe8 48. Ng2 a4 49. Qc2 Rh2 50. Qxf5 Rxg2 51. Rxg2 Qxe3+ 52. Kb4 Qb3+ 53. Kc5 Qb6+ 54. Kxd5 Qc6+ 55. Ke5 Qxg2 56. Qf7+ Kb6 57. Qxc4 Qxg3 58. Qb4+ Kc7 59. Qxa4 Qe3+ 60. Kf5 g3 61. Qa7+ Kd8 62. Qxg7 Qd3+ 63. Ke5 Qb5+ 64. Ke4 Qe2+ 65. Kd5 Qf3+ 66. Ke5 Qe3+ 67. Kf5 Qd3+ 68. Ke5 Qb5+ 69. Ke4 Qc6+ 70. d5 Qc2+ 71. Kf3 Qf2+ 72. Ke4 Qe2+ 73. Kf5 g2 74. Qg8+ Kc7 75. d6+ Kxd6 76. Qd8+ Kc5 77. Qc7+ Kb4 78. Qd6+ Kc3 79. Qc6+ Kd2 80. Qb6 Qd3+ 81. Kg4 g1Q+ 0-1

[Event "BCF-chT3 1314 (4NCL)"]
[Site "England"]
[Date "2014.05.03"]
[Round "9.116"]
[White "Botham, Christopher Paul"]
[Black "Punnett, Alan Kenneth"]
[Result "1/2-1/2"]
[WhiteElo "2032"]
[BlackElo "2056"]
[PlyCount "45"]
[EventDate "2013.11.16"]
[EventType "team-swiss"]
[EventRounds "11"]
[EventCountry "ENG"]
[SourceTitle "EXT 2015"]
[Source "ChessBase"]
[SourceDate "2014.11.20"]
[SourceVersion "1"]
[SourceVersionDate "2014.11.20"]
[SourceQuality "1"]
[WhiteTeam "Iceni"]
[BlackTeam "Guildford IV"]
[WhiteTeamCountry "ENG"]
[BlackTeamCountry "ENG"]

1. d4 Nf6 2. Nf3 d5 3. Bg5 Ne4 4. Bf4 e6 5. c3 Bd6 6. e3 0-0 7. Nbd2 Bxf4 8. exf4 c5 9. Be2 cxd4 10. Nxd4 Qf6 11. g3 e5 12. Nxe4 dxe4 13. fxe5 Qxe5 14. Qd2 Nc6 15. Nxc6 bxc6 16. 0-0 Be6 17. Rfd1 Rab8 18. b3 c5 19. c4 Rbc8 20. Rab1 h6 21. Qb2 Qc7 22. Qc3 Rfd8 23. Rxd8+ 1/2-1/2

[Event "BCF-chT3S 1112 (4NCL)"]
[Site "England"]
[Date "2012.02.12"]
[Round "6.4"]
[White "Botham, Christopher Paul"]
[Black "Ropp, Wiatt"]
[Result "0-1"]
[WhiteElo "2033"]
[BlackElo "1923"]
[PlyCount "78"]
[EventDate "2011.11.12"]
[EventType "team-swiss"]
[EventRounds "6"]
[EventCountry "ENG"]
[SourceTitle "EXT 2013"]
[Source "ChessBase"]
[SourceDate "2012.11.22"]
[SourceVersion "1"]
[SourceVersionDate "2012.11.22"]
[SourceQuality "1"]
[WhiteTeam "Iceni"]
[BlackTeam "Warwicks Select II"]
[WhiteTeamCountry "ENG"]
[BlackTeamCountry "ENG"]

1. d4 g6 2. e4 Bg7 3. Nc3 d6 4. Nf3 Nd7 5. Be2 e5 6. 0-0 Ngf6 7. dxe5 dxe5 8. Bg5 h6 9. Bh4 g5 10. Bg3 Nh5 11. Qd2 Nf4 12. Bc4 c6 13. Rad1 Qe7 14. Qd6 Qxd6 15. Rxd6 Bf8 16. Rdd1 f6 17. h3 Nc5 18. Rfe1 b5 19. Bf1 Be6 20. a3 Rb8 21. Nd2 Rb7 22. b4 Nd7 23. Nb3 h5 24. Na5 Rc7 25. f3 g4 26. hxg4 hxg4 27. fxg4 Bxg4 28. Rd2 a6 29. Ne2 Ne6 30. Nb3 Nb6 31. Nec1 Rg7 32. Bf2 Nc4 33. Bxc4 bxc4 34. Na5 Bf3 35. Bb6 c3 36. Rf2 Nf4 37. Rxf3 Rxg2+ 38. Kf1 Rh1+ 39. Bg1 Rhxg1# 0-1

[Event "BCF-chT3 0809 (4NCL)"]
[Site "Hinckley Island"]
[Date "2008.10.19"]
[Round "2.6"]
[White "Botham, Christopher Paul"]
[Black "Levicki, Jeffrey P"]
[Result "1-0"]
[WhiteElo "2036"]
[BlackElo "1940"]
[PlyCount "101"]
[EventDate "2008.10.18"]
[EventType "team-swiss"]
[EventRounds "11"]
[EventCountry "ENG"]
[SourceTitle "EXT 2010"]
[Source "ChessBase"]
[SourceDate "2010.11.25"]
[SourceVersion "1"]
[SourceVersionDate "2010.11.25"]
[SourceQuality "1"]
[WhiteTeam "ICENI"]
[BlackTeam "Oxford II"]
[WhiteTeamCountry "ENG"]
[BlackTeamCountry "ENG"]

1. d4 Nf6 2. Nf3 g6 3. Bg5 Bg7 4. Nbd2 d6 5. e4 Nbd7 6. c3 c5 7. Bd3 Qb6 8. Qb3 Qxb3 9. Nxb3 c4 10. Bxc4 Nxe4 11. Be3 Nb6 12. Bd3 d5 13. Nbd2 f5 14. Ne5 0-0 15. f4 g5 16. g3 g4 17. 0-0-0 Be6 18. Bc2 Rac8 19. Nxe4 dxe4 20. Bb3 Bxb3 21. axb3 Nd5 22. Rhe1 Bxe5 23. dxe5 Nb4 24. Kb1 Nd3 25. Rh1 b6 26. h3 h5 27. hxg4 hxg4 28. Rh5 Rc6 29. Rdh1 Rg6 30. e6 Rxe6 31. Rg5+ Kf7 32. Rxf5+ Rf6 33. Rg5 Rg6 34. Rh7+ Kg8 35. Rxg6+ Kxh7 36. Re6 Rf7 37. Rxe4 e5 38. fxe5 Rf1+ 39. Ka2 Re1 40. e6 Nc1+ 41. Ka3 Nd3 42. b4 Nf2 43. e7 Nxe4 44. e8Q Rxe3 45. Qh5+ Kg7 46. Qxg4+ Kh7 47. Qf5+ Kh8 48. g4 Re1 49. Kb3 Nd2+ 50. Kc2 Nf1 51. Qf2 1-0

[Event "BCF-chT3 0809 (4NCL)"]
[Site "Hinckley Island"]
[Date "2008.10.18"]
[Round "1.6"]
[White "Albrecht, Theo"]
[Black "Botham, Christopher Paul"]
[Result "1/2-1/2"]
[WhiteElo "1840"]
[BlackElo "2036"]
[PlyCount "55"]
[EventDate "2008.10.18"]
[EventType "team-swiss"]
[EventRounds "11"]
[EventCountry "ENG"]
[SourceTitle "EXT 2010"]
[Source "ChessBase"]
[SourceDate "2010.11.25"]
[SourceVersion "1"]
[SourceVersionDate "2010.11.25"]
[SourceQuality "1"]
[WhiteTeam "Guildford V"]
[BlackTeam "ICENI"]
[WhiteTeamCountry "ENG"]
[BlackTeamCountry "ENG"]

1. e4 Nf6 2. d3 e5 3. Nf3 Nc6 4. c3 Be7 5. Be2 0-0 6. 0-0 h6 7. b4 a6 8. a4 d6 9. Na3 Re8 10. Nc4 Bf8 11. Ne3 g6 12. Bd2 Bd7 13. c4 Nd4 14. Nxd4 exd4 15. Nc2 c5 16. b5 Qc7 17. f4 Bg7 18. Ne1 Ra7 19. Qb1 axb5 20. axb5 b6 21. Rxa7 Qxa7 22. Nc2 Bg4 23. Bxg4 Nxg4 24. Qa1 Ra8 25. Qxa7 Rxa7 26. Ra1 Rxa1+ 27. Nxa1 Nf6 28. Nc2 1/2-1/2

[Event "BCF-chT4 0708 (4NCL)"]
[Site "England"]
[Date "2008.02.09"]
[Round "5.5"]
[White "Ludbrook, Matthew"]
[Black "Botham, Christopher Paul"]
[Result "1-0"]
[WhiteElo "2030"]
[BlackElo "2042"]
[PlyCount "119"]
[EventDate "2007.09.15"]
[EventType "team-swiss"]
[EventRounds "11"]
[EventCountry "ENG"]
[SourceTitle "EXT 2009"]
[Source "ChessBase"]
[SourceDate "2008.11.26"]
[SourceVersion "1"]
[SourceVersionDate "2008.11.26"]
[SourceQuality "1"]
[WhiteTeam "Oxford II"]
[BlackTeam "Anglian Avengers II"]
[WhiteTeamCountry "ENG"]
[BlackTeamCountry "ENG"]

1. e4 Nf6 2. Nc3 d6 3. h3 e5 4. Nf3 Be7 5. Bc4 0-0 6. d3 Nc6 7. a3 Be6 8. Nd5 h6 9. Be3 Nb8 10. c3 c6 11. Nxf6+ Bxf6 12. Bxe6 fxe6 13. d4 exd4 14. cxd4 d5 15. e5 Be7 16. 0-0 Nd7 17. b4 Nb6 18. Ne1 Qd7 19. Nd3 Nc4 20. Bc1 Kh7 21. Nf4 Bg5 22. Qd3+ Kg8 23. Ng6 Rf7 24. Bxg5 hxg5 25. Qe2 Qd8 26. Qh5 Rf5 27. Rfd1 g4 28. Qxg4 Qg5 29. Qxg5 Rxg5 30. Nf4 Kf7 31. g4 a5 32. Nd3 Rg6 33. Kg2 Rh6 34. Kg3 Ke7 35. g5 Rhh8 36. Nf4 Rhc8 37. h4 Kf7 38. h5 b6 39. Nd3 Ra7 40. Kg4 Rca8 41. b5 cxb5 42. g6+ Ke7 43. Kg5 Rf8 44. Kg4 Raa8 45. Rh1 Rh8 46. Ra2 Raf8 47. Nf4 Rh6 48. Nh3 Rf5 49. Ng5 Rh8 50. Nf7 Rg8 51. Rh3 Kd7 52. Rf3 Rxf3 53. Kxf3 Ke7 54. Kg4 a4 55. Kg5 Re8 56. h6 gxh6+ 57. Nxh6 Kf8 58. Kf6 Re7 59. Nf7 Rc7 60. g7+ 1-0

[Event "IECG QB.2006.0.00078"]
[Site "IECG email"]
[Date "2006.04.26"]
[Round "?"]
[White "Botham, Christopher Paul"]
[Black "Sherwood, Russell"]
[Result "1-0"]
[WhiteElo "1900"]
[BlackElo "1801"]
[PlyCount "83"]
[EventDate "2006.04.26"]
[EventType "tourn (corr)"]
[EventRounds "6"]
[SourceTitle "Corr 2008"]
[Source "ChessBase"]
[SourceDate "2008.06.24"]
[SourceVersion "1"]
[SourceVersionDate "2008.06.24"]
[SourceQuality "1"]

1. g3 g6 2. Bg2 Bg7 3. c4 c5 4. Nc3 Nc6 5. Nf3 e5 6. d3 Nge7 7. Rb1 d6 8. a3 a5 9. 0-0 0-0 10. Bg5 f6 11. Bd2 Be6 12. Ne1 Rb8 13. Nc2 d5 14. cxd5 Nxd5 15. Nxd5 Bxd5 16. Bxd5+ Qxd5 17. b4 cxb4 18. axb4 axb4 19. Nxb4 Nxb4 20. Rxb4 b5 21. Qb3 Qxb3 22. Rxb3 Rb7 23. Rfb1 Rfb8 24. Kf1 Kf7 25. Bb4 Ke6 26. Rc1 Ra8 27. Rc6+ Kf5 28. e4+ Kg4 29. Kg2 g5 30. Bc5 Ra2 31. Bb6 Rd2 32. h3+ Kh5 33. g4+ Kg6 34. Rxb5 Kf7 35. Rd5 Rb2 36. Bd8 Rd2 37. Rdd6 Rbb2 38. Bb6 Rbc2 39. Rd7+ Kg6 40. Re6 Rc8 41. Bc7 Rxd3 42. Rxd3 1-0